| 000 | 00723nam a2200241 a 4500 | ||
|---|---|---|---|
| 001 | 55775 | ||
| 003 | BD-RjUL | ||
| 005 | 20211209080319.0 | ||
| 008 | 880808s1939 enk 000 1 eng | ||
| 035 | _a(BD-RjUL)55899 | ||
| 040 |
_aDLC _cDLC _dBD-RjUL _beng |
||
| 041 | _aeng | ||
| 082 |
_223 _a823.8 _bHAW 1939 |
||
| 100 | 1 |
_aHardy, Thomas, _d1840-1928. _9166090 |
|
| 245 | 1 | 4 |
_aThe woodlanders / _cThomas Hardy |
| 260 |
_aLondon : _bMacmillan, _c1939 |
||
| 300 |
_avii, 459 p. ; _c23 cm |
||
| 651 |
_aEngland _xDorset _9166091 |
||
| 651 |
_xTriangles (Interpersonal relations) _9165754 |
||
| 651 |
_xForests and forestry _9166092 |
||
| 830 | 0 |
_aNew Wessex edition of the stories of Thomas Hardy _9166093 |
|
| 942 |
_2ddc _cBK |
||
| 999 |
_c55775 _d55775 |
||